000 01458nam a2200337 i 4500
003 EG-GICUC
005 20260121101719.0
008 260112s1992 ua ||||fr|||| 00| 0 ara d
017 _a1991\7454
020 _a977-00-2034-6
040 _a EG-GICUC
_bara
_c EG-GICUC
_d EG-GICUC
_erda
041 0 _aara
082 0 4 _221
_a345.2
_bع ب . ق
092 0 4 _221
099 _aLaw1 07 345.2 ع ب . ق 2 ed-1992
100 0 _aعبد المنعم محفوظ
_eمؤلف.
245 1 2 _aالقانون الأداري فلسفة و تطبيقا :
_b( دراسات تأصيلية في التنظيم و نشاط ) الأدارة العامة ،
_nالكتاب الثاني ،
_pالنشاط الأداري /
_cدكتور عبد المنعم محفوظ
250 _aالطبعة الثانية ،
_bمعدلة و منقحة
264 1 _a[مكان النشر غير معروف]
_b[اسم الناشر غير معروف]
_c1992.
300 _a550 ؛صفحة
_c24 سم
336 _2rda content
_atext
337 _2rda media
_aComputer
338 _2rda carrier
_aOnline Resource
504 _aيشتمل على إرجاعات ببليوجرافية.
546 _aالنص أغلبه باللغة العربية بعض النصوص الإنجليزية والفرنسية
650 1 _aالقانون الإداري
_2qrmak
651 1 _2qrmak
856 4 0 _uhttps://fll.law.cu.edu.eg/fulltext/bks/B07-01036.pdf
905 _a74
942 _2ddc
_n0
_cBK
_e21
999 _c56490
_d56490